00360nam a2200121Ia 450000500170000000800410001708200130005810000170007124500360008826000620012430000170018650000350020320250410031807.0240331s9999 xx 000 0 und d a142bRAV aRavindram, N 0aPin navenaththuvamum alakiyalum aVavuniyabvaavuniya kalai ilakkiya nanbarkal vattamc1997 aVii, 96 p ., aPost Modernism and Aesthetics